[Event "35th European Club Cup 2019"]
[Site "Ulcinj"]
[Date "2019.11.14"]
[Round "5.14"]
[White "Simek, Petr"]
[Black "Gibicar, Danijel"]
[Result "0-1"]
[WhiteElo "2307"]
[BlackElo "2229"]
[Annotator "TA"]
[PlyCount "108"]
[EventDate "2019.11.10"]
[EventType "team-tourn"]
[EventCountry "MNE"]
[SourceTitle "playchess.com"]
[Source "ChessBase"]
[SourceQuality "1"]
[WhiteTeam "Unichess"]
[BlackTeam "De Sprenger Echternach"]

{[%evp 16,108,41,33,45,43,39,33,51,48,58,45,41,35,43,37,45,26,26,-92,-55,-58,-49,-54,-46,-35,-27,-36,33,4,15,16,16,18,52,41,74,86,88,47,105,83,121,59,318,201,306,281,295,101,33,15,9,0,0,0,0,-74,-72,-155,-145,-370,-377,-369,-335,-312,-341,-422,-416,-513,-508,-506,-497,-449,-273,-266,-260,-433,-416,-424,-420,-406,-412,-554,-554,-554,-547,-547,-547,-547,-547,-478,-478,-446,-445]} 1. d4 Nf6 2. c4 g6 3. g3 Bg7 4. Bg2 d6 5. Nc3 O-O 6. Nf3 Nc6 7. O-O a6 8. b3 Rb8 9. d5 Na5 {E63: King's Indian: Fianchetto: Panno Variation with 7...a6} 10. Bg5 (10. Nd4 e5 11. Nc2 Bd7 12. Nb4 Re8 13. e4 c5 14. dxc6 bxc6 15. Nc2 Bg4 16. Qd3 c5 17. f4 exf4 18. Bxf4 {1-0 (74) Firouzja,A (2682)-Lagarde,M (2600) Le Blanc Mesnil 2019}) 10... c5 11. dxc6 $1 bxc6 {White is slightly better.} 12. Qd2 Re8 $146 ({Predecessor:} 12... c5 13. Bh6 Bb7 14. Bxg7 Kxg7 15. Ne1 Qb6 16. Rd1 Nc6 17. Nc2 {1-0 (42) Kozionov,K (2454)-Ovchinnikov,V (2346) Yekaterinburg 2019}) 13. Rac1 c5 14. Bh6 Bh8 15. h3 Bb7 16. Qf4 Nc6 17. e3 (17. Rfd1 $11) 17... Qa5 {...Nh5 is the strong threat.} 18. Ng5 Nb4 $1 {[%cal Rb4d3]} 19. Bxb7 Rxb7 20. Qf3 Rbb8 (20... Reb8 $5 {[%cal Rb4a2]} 21. Qe2 Nd7 $11) 21. Qe2 Qc7 (21... Nd7 $15) 22. Rfd1 Qb7 23. Rd2 $36 {[%mdl 2048] White is pushing.} Nc6 24. f4 Qb4 25. Nd5 Nxd5 26. cxd5 Na5 27. Rdc2 Qb5 (27... Bf6 $14) 28. Qd1 Qb4 29. h4 (29. Qf3 $16) 29... Rec8 $2 {[%mdl 8192]} ({Black should play} 29... c4 $14) 30. h5 {And now hxg6 would win.} Bf6 (30... Nxb3 {was necessary.} 31. Rb1 {[%mdl 64] Pin} (31. axb3 Qxb3 32. Kf2 Bf6 $16) 31... Qa4) 31. hxg6 hxg6 32. Qd3 $2 (32. Qf3 $1 $18 {is the precise move to win.}) 32... Qb5 (32... Nxb3 $16 33. axb3 Qxb3) 33. Qe4 {Black must now prevent f5.} Qd7 $1 34. Qf3 c4 35. bxc4 Bb2 36. Rb1 (36. Qh1 $11 Bf6 37. Qf3) 36... Nxc4 $17 37. Qe2 {[#]} ({White should try} 37. Rd1) 37... Na3 $1 38. Rbxb2 $2 (38. Rxc8+ $17 Qxc8 39. Rf1 (39. Rxb2 $2 Qc1+ {[%mdl 64] Double Attack} 40. Qf1 Qxb2 $19)) 38... Nxc2 $19 39. Rxc2 Rxc2 40. Qxc2 {[#]} Qg4 $1 41. Ne4 Rc8 (41... f5 $2 42. Qc3 $18) 42. Qd2 Qf3 43. Nf2 Qxg3+ 44. Kf1 Qh2 45. Bg5 f6 46. Qd3 $2 (46. Bxf6 {only move.} exf6 47. Qb2) 46... Rc1+ (46... fxg5 47. Qxg6+ Kh8 48. fxg5 $19) 47. Ke2 Qh5+ (47... fxg5 $2 48. Qxg6+ Kf8 49. Qf5+ Ke8 50. fxg5 $19) 48. Kd2 Rc5 49. Ne4 Qh2+ {Black is clearly winning.} ({Weaker is} 49... fxg5 50. Nxc5 dxc5 51. Qxa6 $11) 50. Kd1 Qg1+ ({Stronger than} 50... fxg5 51. Nxc5 Qh5+ 52. Kc2 $11) 51. Ke2 Rc1 {( -> ...Qf1+)} 52. Nf2 Qf1+ 53. Kf3 Qxd3 ({And not} 53... fxg5 54. Qxg6+ Kf8 55. Qf5+ Ke8 56. fxg5 $11) 54. Nxd3 Rc3 {Accuracy: White = 36%, Black = 57%.} 0-1

[Event "35th European Club Cup 2019"]
[Site "Ulcinj"]
[Date "2019.11.14"]
[Round "5.15"]
[White "Papp, Gabor"]
[Black "Esipenko, Andrey"]
[Result "1/2-1/2"]
[WhiteElo "2589"]
[BlackElo "2636"]
[Annotator "TA"]
[PlyCount "83"]
[EventDate "2019.11.10"]
[EventType "team-tourn"]
[EventCountry "MNE"]
[SourceTitle "playchess.com"]
[Source "ChessBase"]
[SourceQuality "1"]
[WhiteTeam "Koge SK"]
[BlackTeam "Molodezka"]

{[%evp 24,83,23,0,11,0,18,0,25,-24,-18,-13,0,0,0,-4,-5,-48,-10,-16,-21,-29,-31,-33,0,-24,-15,-27,-18,-28,-33,-29,-37,-33,-27,-69,-58,-55,-30,-17,-38,-35,-34,-24,-22,-38,-31,-38,-24,-14,-10,-12,-5,-7,0,-8,-4,-16,0,0,-7,0]} 1. e4 c6 2. d4 d5 3. Nc3 dxe4 4. Nxe4 Bf5 5. Ng3 Bg6 6. h4 h6 7. Nf3 Nd7 8. h5 Bh7 9. Bd3 Bxd3 10. Qxd3 e6 11. Bd2 Ngf6 12. O-O-O Be7 13. Kb1 Qb6 {B19: Classical Caro-Kann: 4...Bf5 main line} 14. Nh4 Bb4 15. Bc1 $146 ({Predecessor:} 15. c3 Bd6 16. c4 O-O-O 17. c5 Nxc5 18. dxc5 Bxc5 19. Qf3 Bxf2 20. Bc3 Bd4 {½-½ (20) Bobras,P (2487)-Landa,K (2616) Czech Republic 2019}) 15... O-O 16. c4 (16. c3 {looks sharper.} Bd6 17. Ne4 Nxe4 18. Qxe4 c5 19. dxc5 Nxc5 20. Qg4) 16... Qa6 17. c5 Qxd3+ (17... Qb5 {is more complex.} 18. Bf4 Rfd8 19. Bd6 Ba5 20. Nf3 Nd5) 18. Rxd3 Ba5 19. Bf4 Rfc8 (19... Nd5 {seems wilder.} 20. Bd6 Rfc8 21. Nf3 N7f6 22. Ne5 Bc7) 20. Rc1 Bc7 (20... Nd5 {feels hotter.} 21. Be5 Rd8 22. Bd6 N7f6 23. Rb3 Bd2) 21. Bxc7 Rxc7 22. Nf3 Nd5 23. Ne5 N7f6 24. Rh1 Rd8 25. Ne2 Nd7 26. f4 N7f6 27. g4 Ne4 {And now ...f6 would win.} 28. Rg1 f6 29. Nf3 b6 30. g5 fxg5 31. fxg5 Rf8 {[#] Hoping for ...Rxf3!} 32. Kc1 Rcf7 33. Ne5 Rf1+ $1 34. Rd1 Rxd1+ 35. Kxd1 {[#] Black must now prevent gxh6.} hxg5 36. Ng3 Nf2+ {The position is equal.} 37. Kd2 bxc5 38. dxc5 Ne7 39. Re1 Rd8+ 40. Kc2 Rd5 41. b4 a5 42. a3 {Accuracy: White = 58%, Black = 36%.} 1/2-1/2

[Event "35th European Club Cup 2019"]
[Site "Ulcinj"]
[Date "2019.11.14"]
[Round "5.15"]
[White "Stella, Andrea"]
[Black "Vedrickas, Tautvydas"]
[Result "1/2-1/2"]
[WhiteElo "2475"]
[BlackElo "2403"]
[Annotator "TA"]
[PlyCount "142"]
[EventDate "2019.11.10"]
[EventType "team-tourn"]
[EventCountry "MNE"]
[SourceTitle "playchess.com"]
[Source "ChessBase"]
[SourceQuality "1"]
[WhiteTeam "WorldTradingLab Club"]
[BlackTeam "MRU-ROSK Consulting"]

{[%evp 12,142,47,37,36,47,39,28,38,41,45,39,29,35,44,43,43,39,39,43,55,56,49,44,62,71,60,64,84,60,135,129,121,117,117,115,135,135,157,156,162,185,164,0,18,0,0,0,40,41,80,0,0,0,76,60,395,386,418,418,367,366,588,125,496,133,439,427,549,617,610,595,594,566,552,531,505,268,268,246,246,239,231,218,364,361,419,418,380,395,541,539,527,539,539,539,539,539,534,532,525,509,514,463,492,492,471,0,297,146,527,524,374,0,0,0,340,0,0,0,0,0,0,0,0,0,0,0,0,0,0,0,0]} 1. d4 ({Predecessor:} 1. e4 g6 {1-0 (25) Karjakin,S (2562)-Hillarp Persson,T (2512) Benidorm 2003}) 1... g6 2. e4 Bg7 3. Nc3 d6 4. f4 a6 5. Nf3 b5 6. Bd3 Nd7 7. e5 c5 {B06: Modern Defence} 8. Be4 Rb8 9. O-O $146 (9. Be3 b4 10. Ne2 Nh6 11. dxc5 Nxc5 12. Bxc5 dxc5 13. Bc6+ Bd7 14. Qd5 Rc8 15. Bxd7+ Qxd7 16. Qxd7+ Kxd7 {1-0 (41) Yu,Y (2760)-Adhiban,B (2655) chess.com INT 2018}) 9... cxd4 {White has an edge.} 10. Nxd4 dxe5 11. Nc6 $1 {[%cal Rc6d8]} Qb6+ 12. Kh1 {Strongly threatening fxe5.} Ngf6 13. Nxb8 Qxb8 14. fxe5 Nxe5 15. Bf4 {Hoping for Bc6+.} O-O 16. Bf3 $1 $36 {[%mdl 2048] White is more active.} e6 17. Qe2 Nfd7 18. Rad1 Qb6 19. a4 b4 20. Ne4 $1 Bb7 (20... a5 $1 $14) 21. Bxe5 $1 $16 Nxe5 22. Nf6+ $1 {[%mdl 64] Discovered Attack} Bxf6 23. Bxb7 {[%mdl 64] Discovered Attack} Qxb7 24. Rxf6 Qc7 25. Rff1 $1 h5 {next ...Ng4 is good for Black.} 26. h3 a5 27. Qb5 ({Better is} 27. c3 $18) 27... Rb8 $1 $11 {[%cal Rb8b5]} 28. Qa6 Nc4 {White should prevent ...Ne3.} 29. Rde1 Rb6 30. Qa8+ Rb8 31. Qa6 (31. Qf3 $1 $16) 31... Rb6 (31... Nxb2 $11 32. Rxe6 fxe6 33. Qxe6+ {[%mdl 64] Double Attack} Kg7) 32. Qa8+ $16 Rb8 33. Qf3 $1 Nxb2 $2 {[%mdl 8192]} (33... Nb6 $14) 34. Qf6 $1 $18 Nxa4 35. Rxe6 $1 Rf8 ({But not} 35... fxe6 36. Qxg6+ Kh8 37. Rf7 $18) 36. Re7 Qc4 $2 (36... Qb6 {was necessary.} 37. Qf3 (37. Rxf7 Qxf6 38. R7xf6 Ra8 $18) 37... Qb5 38. Rxf7 Qxf1+ 39. Qxf1 Rxf7) 37. Rf4 $2 (37. Rf3 $18 {is the precise move to win.} Qa2 38. Rg3 $1 {[%mdl 512]} Qxc2 39. Rxf7 $1 {[%mdl 576] Remove Defender} Rxf7 40. Rxg6+ Qxg6 41. Qxg6+ Kf8 42. Qxh5) 37... Qa2 $2 {[%mdl 8192]} (37... Qxc2 $16 {is a better chance.} 38. Rxf7 Qc1+ 39. Kh2 Qxf4+ 40. Qxf4 Rxf7 41. Qb8+ Kg7) 38. Rd7 $2 (38. Qe5 $18 {is more deadly.}) 38... Nc5 $2 {[%mdl 8192]} (38... Qxc2 $16 39. Rxf7 Qc1+ 40. Kh2 Qxf4+ 41. Qxf4 Rxf7 42. Qb8+ Kg7) 39. Rd8 Rxd8 40. Qxd8+ {[%mdl 4096] Endgame KQR-KQN} Kh7 41. Qe7 Qa1+ {[#]} 42. Kh2 $1 {[%mdl 512]} Ne6 43. Rxf7+ Ng7 44. Qg5 {And now Rf6 would win.} Qd4 45. Qxa5 Qd6+ 46. Kg1 Qd4+ {[#]} 47. Rf2 $1 Ne6 (47... Qd1+ {might work better.} 48. Rf1 Qd4+ 49. Kh1 Nf5 50. Qc7+ Qg7 51. Qxg7+ Kxg7) 48. Qa6 Nf4 49. Qb7+ Kh6 {( -> ...Ne2+)} 50. Qf3 ({Much less strong is} 50. Qe7 g5 $18) 50... g5 {[#]} 51. h4 $1 Ng6 (51... gxh4 52. Qxf4+) 52. hxg5+ Kxg5 53. Qg3+ Kh6 54. Kh2 h4 55. Qf3 Qe5+ 56. Kh1 Kg5 57. Rf1 Nf4 58. Qf2 Qe4 59. Qf3 Qe5 $1 60. g3 (60. Rd1 $18 {has better winning chances.}) 60... Nh5 $2 {[%mdl 8192]} (60... hxg3 $16 {is more resistant.} 61. Qxg3+ Kf5 62. Qh3+ Kg5 63. Rg1+ Kf6 64. Qh4+ Kf7) 61. gxh4+ Kxh4 62. Qf2+ $2 ({White should play} 62. Kg2 $18 Qg5+ 63. Kh2 Qe5+ 64. Kg1) 62... Kg4 $1 $11 63. Qf3+ $2 {[%mdl 8192]} (63. Kg1 $11 Ng3 64. Qg2) 63... Kh4 $1 $18 {intending ...Ng3+.} 64. Qf2+ $2 (64. Kg2 $18 {White threatens Rh1+ and mate.} Qg5+ 65. Kh2 Qe5+ 66. Kg1) 64... Kg4 $1 $11 {The position is equal.} 65. Re1 Ng3+ 66. Kg1 Qd5 {[%csl Gg3][%cal Rd5h1]} 67. Qg2 Qd4+ 68. Kh2 Qh8+ 69. Kg1 Qd4+ 70. Kh2 Qh8+ 71. Kg1 {Re4+ would kill now.} Qd4+ {Accuracy: White = 64%, Black = 52%.} 1/2-1/2

[Event "35th European Club Cup 2019"]
[Site "Ulcinj"]
[Date "2019.11.14"]
[Round "5.15"]
[White "Hammes, Michael"]
[Black "Vrbata, Zbynek"]
[Result "1/2-1/2"]
[WhiteElo "2348"]
[BlackElo "2353"]
[Annotator "NA"]
[PlyCount "61"]
[EventDate "2019.11.10"]
[EventType "team-tourn"]
[EventCountry "MNE"]
[SourceTitle "playchess.com"]
[Source "ChessBase"]
[SourceQuality "1"]
[WhiteTeam "De Sprenger Echternach"]
[BlackTeam "Unichess"]
[TimeControl "40/5400+30:1800+30"]

1. d4 {[%emt 0:00:00]} Nf6 {[%emt 0:00:00]} 2. c4 {[%emt 0:00:00]} g6 {[%emt 0:00:00]} 3. Nc3 {[%emt 0:00:00]} Bg7 {[%emt 0:00:00]} 4. e4 {[%emt 0:00:06]} O-O {[%emt 0:00:04]} 5. Nf3 {[%emt 0:00:14]} d6 {[%emt 0:00:14]} 6. Be2 {[%emt 0:00:14]} Nbd7 {[%emt 0:00:08]} 7. Be3 {[%emt 0:03:12]} e5 {[%emt 0:04:12]} 8. d5 {[%emt 0:00:56]} Nc5 {[%emt 0:01:45]} 9. Nd2 {[%emt 0:01:01]} a5 {[%emt 0:00:47]} 10. Qc2 {[%emt 0:04:23]} Ng4 {[%emt 0:05:55]} 11. Bxg4 {[%emt 0:07:35]} Bxg4 {[%emt 0:00:43]} 12. h3 {[%emt 0:01:12]} Bd7 {[%emt 0:00:20]} 13. g4 f5 14. gxf5 {[%emt 0:01:10]} gxf5 {[%emt 0:13:36]} 15. O-O-O {[%emt 0:00:59]} b6 {[%emt 0:02:21]} 16. Rdg1 {[%emt 0:06:59]} Kh8 {[%emt 0:04:27]} 17. h4 {[%emt 0:08:21]} Qe7 {[%emt 0:16:58]} 18. f3 {[%emt 0:12:18]} Bf6 {[%emt 0:11:18]} 19. Nb5 {[%emt 0:10:06]} Na6 {[%emt 0:03:40]} 20. a3 {[%emt 0:15:48]} f4 {[%emt 0:06:45]} 21. Bf2 {[%emt 0:03:58]} Rg8 {[%emt 0:01:24]} 22. Qd1 {[%emt 0:00:07]} Rxg1 {[%emt 0:00:55]} 23. Qxg1 {[%emt 0:00:09]} Rg8 {[%emt 0:04:59]} 24. Qf1 {[%emt 0:02:18]} Be8 {[%emt 0:05:22]} 25. Kc2 {[%emt 0:00:27]} Bd7 {[%emt 0:00:34]} 26. b3 {[%emt 0:02:09]} Rc8 {[%emt 0:01:06]} 27. Na7 {[%emt 0:00:08]} Ra8 {[%emt 0:00:13]} 28. Nb5 {[%emt 0:04:56]} Rc8 {[%emt 0:01:10]} 29. Na7 {[%emt 0:00:41]} Ra8 {[%emt 0:01:24]} 30. Nb5 {[%emt 0:01:14]} Rc8 {[%emt 0:00:13]} 31. Na7 1/2-1/2

[Event "35th European Club Cup 2019"]
[Site "Ulcinj"]
[Date "2019.11.14"]
[Round "5.15"]
[White "Pobor, Danilo"]
[Black "Ahvenjarvi, Jani"]
[Result "1/2-1/2"]
[WhiteElo "2041"]
[BlackElo "2309"]
[Annotator "NA"]
[PlyCount "51"]
[EventDate "2019.11.10"]
[EventType "team-tourn"]
[EventCountry "MNE"]
[SourceTitle "playchess.com"]
[Source "ChessBase"]
[SourceQuality "1"]
[WhiteTeam "Crnogorac"]
[BlackTeam "Tammer-Shakki"]
[TimeControl "40/5400+30:1800+30"]

1. d4 {[%emt 0:00:00]} Nf6 {[%emt 0:00:00]} 2. Bg5 {[%emt 0:00:00]} d5 {[%emt 0:00:07]} 3. c4 {[%emt 0:00:49]} e6 {[%emt 0:03:22]} 4. Nc3 {[%emt 0:00:21]} Be7 {[%emt 0:01:38]} 5. e3 {[%emt 0:01:39]} O-O {[%emt 0:00:13]} 6. cxd5 {[%emt 0:02:06]} exd5 {[%emt 0:00:46]} 7. Bd3 {[%emt 0:00:21]} c6 {[%emt 0:01:05]} 8. Qc2 {[%emt 0:00:38]} Nbd7 {[%emt 0:01:13]} 9. Nf3 {[%emt 0:01:15]} Re8 {[%emt 0:01:25]} 10. O-O {[%emt 0:00:59]} Nf8 {[%emt 0:00:40]} 11. Rab1 {[%emt 0:02:05]} Ng6 {[%emt 0:08:34]} 12. b4 {[%emt 0:05:11]} a6 {[%emt 0:10:55]} 13. a4 {[%emt 0:01:22]} b5 {[%emt 0:15:30]} 14. Ne2 {[%emt 0:08:10]} Bb7 {[%emt 0:04:51]} 15. Nf4 {[%emt 0:20:20]} Nd7 {[%emt 0:01:15]} 16. Nxg6 {[%emt 0:05:32]} hxg6 {[%emt 0:00:53]} 17. Bf4 {[%emt 0:00:29]} Nb6 {[%emt 0:01:17]} 18. Ne5 {[%emt 0:03:48]} Rc8 {[%emt 0:08:02]} 19. Bxg6 {[%emt 0:08:11]} fxg6 {[%emt 0:05:41]} 20. Qxg6 {[%emt 0:00:22]} Rf8 {[%emt 0:04:56]} 21. Qe6+ {[%emt 0:01:04]} Kh7 {[%emt 0:00:26]} 22. Qh3+ {[%emt 0:01:12]} Kg8 {[%emt 0:00:41]} 23. Qe6+ {[%emt 0:02:09]} Kh7 {[%emt 0:00:08]} 24. Qh3+ {[%emt 0:01:22]} Kg8 {[%emt 0:00:11]} 25. Qe6+ {[%emt 0:01:59]} Kh7 {[%emt 0:00:07]} 26. Qh3+ 1/2-1/2

[Event "35th European Club Cup 2019"]
[Site "Ulcinj"]
[Date "2019.11.14"]
[Round "5.16"]
[White "Yuffa, Daniil"]
[Black "Sengupta, Deep"]
[Result "1-0"]
[WhiteElo "2578"]
[BlackElo "2557"]
[Annotator "ChessBase"]
[PlyCount "83"]
[EventDate "2019.11.10"]
[EventType "team-tourn"]
[EventCountry "MNE"]
[SourceTitle "playchess.com"]
[Source "ChessBase"]
[SourceQuality "1"]
[WhiteTeam "Molodezka"]
[BlackTeam "Koge SK"]
[TimeControl "40/5400+30:1800+30"]

1. d4 {[%emt 0:00:00]} d5 {[%emt 0:00:00]} 2. c4 {[%emt 0:00:00]} dxc4 {[%emt 0:00:00]} 3. e3 {[%emt 0:00:00]} e5 {[%emt 0:00:00]} 4. Bxc4 {[%emt 0:00:07]} exd4 {[%emt 0:00:03]} 5. exd4 {[%emt 0:00:05]} Nf6 {[%emt 0:00:06]} 6. Nf3 {[%emt 0:00:04]} Bd6 {[%emt 0:00:06]} 7. Qe2+ {[%emt 0:00:04]} Qe7 {[%emt 0:00:15]} 8. Qxe7+ {[%emt 0:00:32]} Bxe7 {[%emt 0:00:05]} 9. O-O {[%emt 0:00:09]} Nbd7 {[%emt 0:01:48]} 10. Re1 {[%emt 0:04:18]} Nb6 {[%emt 0:00:06]} 11. Bb3 {[%emt 0:01:11]} a5 {[%emt 0:02:10]} 12. a4 {[%emt 0:14:35]} Nfd5 {[%emt 0:02:14]} 13. Nc3 {[%emt 0:01:07]} c6 {[%emt 0:01:45]} 14. Bd2 {[%emt 0:02:47]} Be6 {[%emt 0:01:19]} 15. Ne4 {[%emt 0:00:51]} O-O {[%emt 0:01:59]} 16. Nfg5 {[%emt 0:07:39]} Bf5 {[%emt 0:19:30]} 17. Nc5 {[%emt 0:01:22]} Bxc5 {[%emt 0:00:58]} 18. dxc5 {[%emt 0:00:04]} Nd7 {[%emt 0:00:07]} 19. Rac1 {[%emt 0:01:36]} N7f6 {[%emt 0:03:13]} 20. Nf3 {[%emt 0:09:30]} Ne4 {[%emt 0:11:20]} 21. Bxd5 {[%emt 0:18:21]} cxd5 {[%emt 0:00:43]} 22. Be3 {[%emt 0:04:11]} Bd7 {[%emt 0:13:51]} 23. b3 {[%emt 0:01:59]} Rfc8 {[%emt 0:03:22]} 24. Red1 {[%emt 0:04:07]} Be6 {[%emt 0:00:58]} 25. h4 {[%emt 0:06:50]} Nf6 {[%emt 0:16:06]} 26. Nd4 {[%emt 0:04:56]} Nd7 {[%emt 0:02:16]} 27. c6 {[%emt 0:02:31]} bxc6 {[%emt 0:00:21]} 28. Nxc6 {[%emt 0:00:08]} Kf8 {[%emt 0:15:11]} 29. Bd2 {[%emt 0:00:17]} Ke8 {[%emt 0:01:30]} 30. Re1 {[%emt 0:05:04]} Nf6 {[%emt 0:01:28]} 31. f3 {[%emt 0:01:11]} Kd7 {[%emt 0:01:57]} 32. Nxa5 {[%emt 0:00:13]} d4 {[%emt 0:00:21]} 33. Nb7 {[%emt 0:04:16]} Bxb3 {[%emt 0:00:39]} 34. Nc5+ {[%emt 0:00:14]} Rxc5 {[%emt 0:00:03]} 35. Rxc5 {[%emt 0:00:03]} Rxa4 {[%emt 0:00:06]} 36. Rb1 {[%emt 0:01:46]} Bd5 {[%emt 0:01:31]} 37. Bf4 {[%emt 0:00:47]} d3 {[%emt 0:00:27]} 38. Bg3 {[%emt 0:04:26]} Bc6 {[%emt 0:00:31]} 39. Rbc1 {[%emt 0:00:38]} Nh5 {[%emt 0:00:34]} 40. Rxh5 {[%emt 0:00:00]} d2 {[%emt 0:00:00]} 41. Rd1 {[%emt 0:00:50]} Rd4 {[%emt 0:00:07]} 42. Ra5 {[%emt 0:01:01]} 1-0

[Event "35th European Club Cup 2019"]
[Site "Ulcinj"]
[Date "2019.11.14"]
[Round "5.16"]
[White "Brazdzionis, Andrius"]
[Black "Barp, Alberto"]
[Result "0-1"]
[WhiteElo "2355"]
[BlackElo "2382"]
[Annotator "TA"]
[PlyCount "88"]
[EventDate "2019.11.10"]
[EventType "team-tourn"]
[EventCountry "MNE"]
[SourceTitle "playchess.com"]
[Source "ChessBase"]
[SourceQuality "1"]
[WhiteTeam "MRU-ROSK Consulting"]
[BlackTeam "WorldTradingLab Club"]

{[%evp 19,88,0,12,0,10,20,14,-14,-22,-23,7,0,0,-25,-19,-25,-27,-49,-20,-21,0,-32,-11,-35,0,0,0,-7,0,-118,-58,-80,-68,-105,-94,-104,-97,-95,-106,-110,-2,-13,-12,-6,-5,-6,-20,-47,-51,-287,-269,-415,-287,-455,-455,-445,-232,-278,-191,-580,-575,-622,-619,-588,-515,-520,-502,-493,-483,-657,-643]} 1. d4 d5 2. c4 e6 3. Nf3 Nf6 4. Nc3 Bb4 5. e3 O-O 6. Bd2 b6 7. Rc1 Bb7 8. cxd5 exd5 9. Bd3 a6 10. O-O Bd6 11. Ne5 {E52: Nimzo-Indian: Rubinstein: 4...0-0 5 Nf3 d5 6 Bd3 b6} c5 12. f4 Nc6 13. Ne2 {The position is equal.} (13. Be1 cxd4 14. Nxc6 Bxc6 15. exd4 Qd7 16. f5 Rfe8 17. Bh4 Ne4 18. f6 g6 {½-½ (79) Aleksandrov,A (2571)-Lupulescu,C (2649) Riga 2019}) 13... Rc8 14. Bc3 $146 ({Predecessor:} 14. Kh1 Ne4 15. Bxe4 dxe4 16. Bc3 Bxe5 17. dxe5 {½-½ (73) Cordi,D (2060)-Duhayon,Y (2256) Amantea 2009}) 14... Ne7 15. dxc5 bxc5 16. Ng3 d4 17. exd4 cxd4 18. Bd2 Rxc1 19. Bxc1 Bc5 20. Qc2 Ba7 21. Bd2 Qa8 22. Bb4 Rc8 23. Qe2 Ned5 24. Bd2 {[#]} (24. Nh5 $1 $11) 24... Ne3 (24... Rc2 $1 $17 {[%mdl 512]} 25. Qe1 (25. Nc4 $2 Rxc4 26. Rf2 Rc6 $19) (25. Bxc2 d3+) 25... Ne3) 25. Rf2 Rc7 26. h3 Qc8 27. Kh2 Qe6 28. Bxe3 dxe3 29. Rf1 a5 ({But not} 29... Qxa2 $6 30. Bc4 $11) (29... g6 $17 {White should prevent ...h5.} 30. Bc4 Nd5) 30. Bc4 $11 Bd5 $36 {[%mdl 2048] Black has the initiative.} 31. Rd1 {Strongly threatening Bxd5.} Rc8 {[%cal Rd5c4]} 32. Bxd5 Nxd5 33. Qf3 {[#]} Nxf4 $1 {[%mdl 512]} 34. Nc6 $2 (34. Qxf4 $15 e2 35. Re1 (35. Nxe2 Bb8 $15)) 34... Bb6 $19 35. Nf5 (35. Rc1 $142 Ng6 36. b3) 35... Ng6 36. Ncd4 (36. Nfd4 $142 Qe8 37. Kh1) 36... Qe5+ 37. Kh1 Re8 (37... Rd8 $142 {And now ...h5 would win.} 38. b3 Bxd4 39. Nxe3 Nh4) 38. Ne2 h6 39. Nd6 $2 {[#]} (39. Rd7 Rf8 40. Nfd4) 39... Rd8 $1 {Black is clearly winning.} 40. Qxf7+ Kh7 41. Rd5 Qe7 42. Qxe7 Nxe7 43. Re5 Ng6 (43... Rxd6 $2 44. Rxe7 Rd2 45. Re6 $19) 44. Re6 Nf8 {Accuracy: White = 35%, Black = 50%.} 0-1

[Event "35th European Club Cup 2019"]
[Site "Ulcinj"]
[Date "2019.11.14"]
[Round "5.16"]
[White "Mertanen, Janne"]
[Black "Pobor, Milo"]
[Result "1-0"]
[WhiteElo "2252"]
[BlackElo "2064"]
[Annotator "NA"]
[PlyCount "105"]
[EventDate "2019.11.10"]
[EventType "team-tourn"]
[EventCountry "MNE"]
[SourceTitle "playchess.com"]
[Source "ChessBase"]
[SourceQuality "1"]
[WhiteTeam "Tammer-Shakki"]
[BlackTeam "Crnogorac"]
[TimeControl "40/5400+30:1800+30"]

1. d4 {[%emt 0:00:00]} c5 {[%emt 0:00:00]} 2. d5 {[%emt 0:00:00]} Nf6 {[%emt 0:00:00]} 3. c4 {[%emt 0:00:09]} g6 {[%emt 0:00:07]} 4. Nc3 {[%emt 0:00:11]} Bg7 {[%emt 0:00:07]} 5. e4 {[%emt 0:00:17]} d6 {[%emt 0:00:10]} 6. h3 {[%emt 0:00:52]} O-O {[%emt 0:00:10]} 7. Nf3 {[%emt 0:00:31]} e6 {[%emt 0:00:07]} 8. Bd3 {[%emt 0:00:59]} exd5 {[%emt 0:00:07]} 9. exd5 {[%emt 0:00:45]} Re8+ {[%emt 0:00:05]} 10. Be3 {[%emt 0:00:54]} a6 {[%emt 0:00:06]} 11. O-O {[%emt 0:06:16]} Nbd7 {[%emt 0:01:05]} 12. Qd2 {[%emt 0:18:03]} b5 {[%emt 0:01:50]} 13. cxb5 {[%emt 0:02:59]} Nb6 {[%emt 0:00:10]} 14. bxa6 {[%emt 0:09:12]} Nbxd5 {[%emt 0:08:51]} 15. Nxd5 {[%emt 0:01:53]} Nxd5 {[%emt 0:00:06]} 16. Bg5 {[%emt 0:00:55]} Nf6 {[%emt 0:03:16]} 17. Bb5 {[%emt 0:19:01]} Bd7 {[%emt 0:16:10]} 18. Bc4 {[%emt 0:00:44]} Bc6 {[%emt 0:01:06]} 19. Rfe1 {[%emt 0:02:33]} Qd7 {[%emt 0:07:17]} 20. Rxe8+ {[%emt 0:07:18]} Rxe8 {[%emt 0:01:06]} 21. Bxf6 {[%emt 0:21:40]} Bxf6 {[%emt 0:00:09]} 22. Qf4 {[%emt 0:00:29]} Bxb2 {[%emt 0:06:29]} 23. Rd1 {[%emt 0:00:06]} d5 24. Bxd5 {[%emt 0:01:30]} Bxd5 {[%emt 0:06:57]} 25. Qd2 {[%emt 0:00:09]} Bd4 {[%emt 0:03:17]} 26. Nxd4 {[%emt 0:00:29]} cxd4 {[%emt 0:00:01]} 27. Qxd4 {[%emt 0:00:27]} Rd8 {[%emt 0:04:14]} 28. a7 {[%emt 0:02:17]} Qb7 {[%emt 0:03:48]} 29. Rd2 {[%emt 0:00:31]} Qa8 {[%emt 0:02:39]} 30. Rb2 {[%emt 0:00:39]} Bc6 {[%emt 0:07:55]} 31. Qf6 {[%emt 0:02:20]} Re8 {[%emt 0:03:48]} 32. Qd6 {[%emt 0:00:43]} Kg7 {[%emt 0:03:22]} 33. Kh2 {[%emt 0:01:01]} Bb7 {[%emt 0:08:47]} 34. Qc7 {[%emt 0:00:30]} Qxa7 {[%emt 0:00:53]} 35. Qxb7 {[%emt 0:00:15]} Qd4 {[%emt 0:00:23]} 36. Qb4 {[%emt 0:00:44]} Qe5+ {[%emt 0:00:51]} 37. g3 {[%emt 0:00:35]} Rd8 {[%emt 0:01:15]} 38. Rc2 Ra8 39. a4 {[%emt 0:00:49]} h5 {[%emt 0:01:58]} 40. h4 {[%emt 0:00:00]} Qa1 {[%emt 0:00:00]} 41. Rc4 {[%emt 0:03:45]} Qa2 {[%emt 0:06:02]} 42. Rf4 {[%emt 0:00:38]} Kg8 {[%emt 0:00:44]} 43. Qd4 {[%emt 0:05:08]} Rc8 {[%emt 0:02:33]} 44. Re4 {[%emt 0:01:19]} Ra8 {[%emt 0:03:02]} 45. Kg2 {[%emt 0:01:25]} Qb3 {[%emt 0:00:52]} 46. a5 {[%emt 0:04:05]} Qb7 {[%emt 0:01:46]} 47. Kh2 {[%emt 0:00:16]} Qc6 {[%emt 0:00:35]} 48. Re5 {[%emt 0:00:36]} Rb8 {[%emt 0:01:50]} 49. Rd5 {[%emt 0:00:58]} Qc7 {[%emt 0:01:42]} 50. a6 {[%emt 0:00:32]} Ra8 {[%emt 0:00:10]} 51. Rd7 {[%emt 0:00:59]} Qc8 {[%emt 0:00:34]} 52. Qd5 {[%emt 0:02:13]} Qe8 {[%emt 0:00:29]} 53. Rxf7 {[%emt 0:01:06]} 1-0